Nová éra plateb: klíčové poznatky z Money 20/20 Europe

Money 20/20 Europe, konferencia uskutočnená v Amsterdame, opäť prilákala popredných poskytovateľov platobných služieb, fintech spoločností, globálne banky a ďalšie finančné inštitúcie. Hlavnými témami konferencie boli digitálne meny, umelá inteligencia (AI) a otvorené bankovníctvo. Nové trendy v ban...

Descrizione completa

Salvato in:
Dettagli Bibliografici
Autore principale: Machač, Ondřej
Natura: Capitolo di libro
Lingua:ceco
Soggetti:
Tags: Aggiungi Tag
Nessun Tag, puoi essere il primo ad aggiungerne!!

MARC

LEADER 00000naa a2200000 4500
001 0303140
005 20260325125136.5
041 0 |a cze 
044 |a CZ 
245 1 0 |a Nová éra plateb: klíčové poznatky z Money 20/20 Europe  |c Ondřej Machač 
520 |a Money 20/20 Europe, konferencia uskutočnená v Amsterdame, opäť prilákala popredných poskytovateľov platobných služieb, fintech spoločností, globálne banky a ďalšie finančné inštitúcie. Hlavnými témami konferencie boli digitálne meny, umelá inteligencia (AI) a otvorené bankovníctvo. Nové trendy v bankovníctve. 
610 2 0 |a bankovníctvo 
610 2 0 |a bankovníctvo otvorené 
610 2 0 |a banky 
610 2 0 |a inštitúcie finančné 
610 2 0 |a služby finančné 
610 2 0 |a technológie nové 
610 2 0 |a mena digitálna 
610 2 0 |a inteligencia umelá 
610 2 0 |a inovácie technologické 
100 1 |a Machač, Ondřej